000 00575nam a2200205Ia 4500
005 20250923145047.0
008 008 250917s9999 xx 000 0 eng d
037 _aTextual
040 _aDSWL
_beng
_cDSWL
041 _aeng
_2eng
084 _aYX,Z1-z4.56, N65
_qDSWL
100 _aFreeman, Kathleen
_9831390
245 0 _aIf any man build
_cby Kathleen Freeman
260 _bHodder and Stoughton
_c1965
300 _a206p.
365 _aINR
_b16.80
925 _g16.80
942 _cTEXL
_hYX,Z1-z4.56, N65
999 _c1446605
_d1446605